000 00681nam a2200265Ia 4500
003 OSt
005 20221007074931.0
006 a|||||r|||| 00| 0
007 ta
008 221006b |||||||| |||| 00| 0 eng d
024 _a8,299
037 _cTextual
040 _aFLL
_cFLL
_beng
041 _2eng
_aeng
082 _aZ2,5, N7.2
100 _aRantanlal Au.
_9693320
245 0 _aLaw of crimes
250 _a24th
260 _aNew Delhi
_bBharat law house India
_c1998
300 _a2616p
_ccm.
490 _vVol.2
700 _a Dhirajal's Au.
_9693321
942 _hZ2,5, N7.2
_cTEXL
_2CC
999 _c1154203
_d1154203